LIBRARY ONLINE CATALOGUE

Physical process in earth and environmental sciences / (Record no. 7274)

MARC details
000 -LEADER
fixed length control field 00745nam a22002292 4500
001 - CONTROL NUMBER
control field 0000006334
005 - DATE AND TIME OF LATEST TRANSACTION
control field 20151217152016.0
008 - FIXED-LENGTH DATA ELEMENTS--GENERAL INFORMATION
fixed length control field 071018s xx 000 0 eng d
020 ## - INTERNATIONAL STANDARD BOOK NUMBER
International Standard Book Number 1405101733 :
Terms of availability KES 4249
040 ## - CATALOGING SOURCE
Original cataloging agency KABU
Transcribing agency KABU
100 1# - MAIN ENTRY--PERSONAL NAME
Personal name Leeder, Mike.
-- 0000157780
245 10 - TITLE STATEMENT
Title Physical process in earth and environmental sciences /
Statement of responsibility, etc. Mike leeder, Marta Perez-Arlucea.
260 ## - PUBLICATION, DISTRIBUTION, ETC. (IMPRINT)
Place of publication, distribution, etc. Oxford :
Name of publisher, distributor, etc. Blackwell,
Date of publication, distribution, etc. 2006.
300 ## - PHYSICAL DESCRIPTION
Extent xi, 321 p.
650 #0 - SUBJECT ADDED ENTRY--TOPICAL TERM
Topical term or geographic name as entry element Geodynamics.
-- 0000157781
650 #0 - SUBJECT ADDED ENTRY--TOPICAL TERM
Topical term or geographic name as entry element Earth sciences
General subdivision Mathematics.
-- 0000157782
700 1# - ADDED ENTRY--PERSONAL NAME
Personal name Perez-Arlucea, Marta.
-- 0000157783
908 ## - PUT COMMAND PARAMETER (RLIN)
Put command parameter 071018
950 ## - LOCAL HOLDINGS (RLIN)
-- 1
Holdings
Withdrawn status Lost status Source of classification or shelving scheme Not for loan Home library Current library Date acquired Total Checkouts Full call number Barcode Date last seen Price effective from Koha item type
    Library of Congress Classification   Kabarak, Main Campus Kabarak, Main Campus 17/12/2015   QE501 .L44 010725 17/12/2015 17/12/2015 General Collection
    Library of Congress Classification   Kabarak, Main Campus Kabarak, Main Campus 17/12/2015   QE501 .L44 005916 17/12/2015 17/12/2015 General Collection